| 000 | 00651nam a2200205 i 4500 | ||
|---|---|---|---|
| 001 | 57493 | ||
| 003 | ES-MaACL | ||
| 005 | 20230906163605.0 | ||
| 007 | t| | ||
| 008 | 031016s1981 ck ||||1| spa d | ||
| 100 | 1 |
_aDornbusch, Rudiger. _945414 |
|
| 245 | 1 | 0 |
_aMacroeconomía / _cRudiger Dornbusch, Stanley Fischer ; revisión Ruben Darío Echeverri, Eduardo Fernández. |
| 250 | _a1ª ed. rev. | ||
| 260 |
_aBogotá : _bMcGraw-Hill, _c[1981] |
||
| 300 |
_a692 p. ; _c23 cm. |
||
| 700 | 1 |
_aFischer, Stanley. _951011 |
|
| 700 | 1 |
_aEcheverri, Rubén Darío. _946567 |
|
| 700 | 1 |
_aFernández, Eduardo. _949355 |
|
| 852 |
_aES-MaACL _jL-3372 _bR.103486 |
||
| 999 |
_c57493 _d57493 |
||